000 00572nam a2200169 i 4500
001 bg
245 0 _aProgress in nuclear physics.
_nVol. 12.
_nP. 1,
_pK Meson leptonic decay /
_cby P. B. Jones. The anomalous magnetic moment of the muon and related topics / by J. Bailey and E. Picasso.
260 _aOxford,
_c1970.
700 1 _aJones, P. B.
700 1 _aBailey, J.
700 1 _aPicasso, E.
740 4 2 _aThe |anomalous magnetic moment of the muon and related topics
040 _cBPK
041 _apol
942 _cKS
008 s pl f |000 0 pol
999 _c14043
_d14043
856 _uhttp://koha.tu.koszalin.pl/cgi-bin/koha/opac-detail.pl?biblionumber=14043
_yKatalog online BPK